000 00993nam a2200277 i 4500
001 9564
003 ES-MaACL
005 20230906145716.0
007 t|
008 931105s1991 sp ||||1| spa d
020 _a84-7615-726-6
080 _a551.594/96
100 1 _aErickson, Jon.
_947389
245 1 4 _aLas Tormentas
_b: de las antiguas creencias a la moderna meteorología /
_cJon Erickson ; traducción, María José Sanz Díaz ; revisión técnica, Ignacio Español Echaniz.
260 _aMadrid [etc.] :
_bMcGraw-Hill,
_cD.L. 1991.
300 _a305 p., [8] p. de lám. :
_bil. ;
_c21 cm.
490 1 _aSerie McGraw-Hill de divulgación científica
500 _aBibliogr.: p. 285-293.
500 _aIndice.
650 1 4 _aTormentas.
_917563
700 1 _aSanz Díaz, María José.
_9103634
700 1 _aEspañol Echaniz, Ignacio.
_947769
830 0 _aSerie McGraw-Hill de divulgación científica
_9178515
852 _aES-MaACL
_jL-17108
_bR.122061
999 _c9564
_d9564